|
|
|
|
| LEADER |
00000nab a2200000 a 4500 |
| 001 |
vtls010106771 |
| 003 |
SK-MaSNL |
| 005 |
20260304155635.0 |
| 008 |
250507|1972 xo ||||||||||||00 b|slo |
| 015 |
|
|
|a SNBRB1973
|2 snkbucl
|
| 035 |
|
|
|a (uuid)1a437941-dabd-492a-abdf-02b4f29a86f7
|
| 035 |
|
|
|a urn:nbn:sk:snk-abc61k
|
| 035 |
|
|
|a (urnnbn)urn:nbn:sk:snk:ar-0037c6
|
| 038 |
|
|
|a SNKBUCL
|
| 040 |
|
|
|a SNKBUCL
|b slo
|c SNKBUCL
|e AACR2
|
| 041 |
0 |
|
|a slo
|
| 044 |
|
|
|a xo
|c SK
|
| 080 |
|
|
|a 027.54
|x (439)
|2 2001
|
| 245 |
0 |
0 |
|a Univerzitná knižnica v Budapešti
|c [autor] (zč)
|
| 610 |
2 |
7 |
|a Univerzitná knižnica Budapešť, Maďarsko)
|2 snkbucl
|9 509523
|
| 773 |
0 |
|
|t Čitateľ
|g Roč. 22, č. 12 (1972), s. 445
|
| 850 |
|
|
|a Slovenská národná knižnica
|
| 852 |
|
|
|a Slovenská národná knižnica
|
| 954 |
|
|
|a odborná, vedecká literatúra pôvodná (slovenská)
|2 lita
|
| 958 |
|
|
|a article15
|
| 958 |
|
|
|a OND
|
| 958 |
|
|
|a KL
|
| 958 |
|
|
|a EUIPO
|
| 999 |
|
|
|c 2963545
|d 2965475
|